[Event "Titled Tuesday intern op 05th Apr Late"]
[Site "Chess.com INT"]
[Date "2022.04.05"]
[Round "4"]
[White "Wu, Christopher"]
[Black "Sanchez, Roberto Daniel"]
[Result "0-1"]
[WhiteElo "2347"]
[BlackElo "1989"]
[PlyCount "46"]
[EventDate "2022.04.05"]
[EventType "swiss (blitz)"]
[EventRounds "11"]
[EventCountry "USA"]
[SourceTitle "CBM 207 Extra"]
[Source "ChessBase"]
[SourceDate "2022.05.31"]
[SourceVersion "1"]
[SourceVersionDate "2022.05.31"]
[SourceQuality "1"]

1. d4 Nf6 2. c4 e6 3. Nf3 b6 4. g3 Bb7 5. Bg2 Be7 6. 0-0 0-0 7. Re1 d5 8. Ne5 c6 9. Nc3 Nbd7 10. Bf4 Nxe5 11. dxe5 Nd7 12. h4 Re8 13. cxd5 cxd5 14. e4 dxe4 15. Nxe4 Bd5 16. Rc1 Rc8 17. Qg4 Kh8 18. Ng5 Bxg5 19. Bxd5 Bxf4 20. Rxc8 Qxc8 21. Qxf4 exd5 22. Qxf7 Nxe5 23. Qxd5 Nf3+ 0-1

[Event "Titled Tuesday intern op 22nd Feb Late"]
[Site "Chess.com INT"]
[Date "2022.02.22"]
[Round "10"]
[White "Migot, Tangi"]
[Black "Wu, Christopher"]
[Result "0-1"]
[WhiteElo "2353"]
[BlackElo "2347"]
[PlyCount "82"]
[EventDate "2022.02.22"]
[EventType "swiss (blitz)"]
[EventRounds "11"]
[EventCountry "USA"]
[SourceTitle "CBM 207 Extra"]
[Source "ChessBase"]
[SourceDate "2022.05.31"]
[SourceVersion "1"]
[SourceVersionDate "2022.05.31"]
[SourceQuality "1"]

1. Nf3 c5 2. c3 d5 3. g3 Nf6 4. Bg2 Nc6 5. d4 Bf5 6. dxc5 a5 7. Nd4 Be4 8. 0-0 e5 9. Nxc6 bxc6 10. b4 Be7 11. a3 Qd7 12. Bg5 Bxg2 13. Kxg2 h5 14. h4 Ne4 15. Bxe7 Qxe7 16. f3 Nf6 17. Nd2 Rg8 18. e4 g5 19. hxg5 Rxg5 20. Rh1 0-0-0 21. Qe2 dxe4 22. Nxe4 Nxe4 23. fxe4 Rdg8 24. Qa6+ Qb7 25. Qxb7+ Kxb7 26. Rh3 h4 27. Rxh4 Rxg3+ 28. Kh1 Rxc3 29. Rh7 Rf3 30. Rh6 Rg4 31. Re1 Rxa3 32. bxa5 Rxa5 33. Rf6 Rxc5 34. Rxf7+ Kb6 35. Rb1+ Rb5 36. Re1 Rb4 37. Re7 Rbxe4 38. Rxe5 Rxe5 39. Rxe5 c5 40. Kh2 Kb5 41. Kh3 Rg8 0-1

[Event "Titled Tuesday intern op 22nd Feb Late"]
[Site "Chess.com INT"]
[Date "2022.02.22"]
[Round "2"]
[White "Toncheva, Nadya"]
[Black "Wu, Christopher"]
[Result "1-0"]
[WhiteElo "2207"]
[BlackElo "2347"]
[PlyCount "79"]
[EventDate "2022.02.22"]
[EventType "swiss (blitz)"]
[EventRounds "11"]
[EventCountry "USA"]
[SourceTitle "CBM 207 Extra"]
[Source "ChessBase"]
[SourceDate "2022.05.31"]
[SourceVersion "1"]
[SourceVersionDate "2022.05.31"]
[SourceQuality "1"]

1. e4 c5 2. Nf3 e6 3. d4 cxd4 4. Nxd4 Nc6 5. Nc3 Qc7 6. f4 a6 7. Nxc6 bxc6 8. Bd3 d5 9. 0-0 Nf6 10. Qf3 Be7 11. Be3 0-0 12. Rae1 Rb8 13. b3 Qa5 14. Na4 c5 15. e5 Nd7 16. c4 Bb7 17. Qg3 dxc4 18. Bxc4 Be4 19. Bd2 Qxd2 20. Rxe4 Kh8 21. f5 exf5 22. Rxf5 f6 23. Rh4 Nxe5 24. Rxh7+ Kxh7 25. Qh4+ Qh6 26. Rh5 Rbd8 27. Rxh6+ gxh6 28. Nc3 Rd4 29. Qf2 Rfd8 30. Qf5+ Kg7 31. h3 Rd2 32. Ne4 Rd1+ 33. Kh2 R8d4 34. Qe6 Rd8 35. Qxe7+ Kg6 36. Qxf6+ Kh7 37. Qxe5 Rf8 38. Qe7+ Kg6 39. Qxf8 Rd4 40. Qf7# 1-0

[Event "Titled Tuesday intern op 15th Feb Late"]
[Site "Chess.com INT"]
[Date "2022.02.15"]
[Round "3"]
[White "Baches Garcia, Guillermo"]
[Black "Wu, Christopher"]
[Result "0-1"]
[WhiteElo "2329"]
[BlackElo "2347"]
[PlyCount "96"]
[EventDate "2022.02.15"]
[EventType "swiss (blitz)"]
[EventRounds "11"]
[EventCountry "USA"]
[SourceTitle "CBM 206 Extra"]
[Source "ChessBase"]
[SourceDate "2022.03.31"]
[SourceVersion "1"]
[SourceVersionDate "2022.03.31"]
[SourceQuality "1"]

1. e4 c5 2. Nf3 Nc6 3. d4 cxd4 4. Nxd4 e6 5. Nb5 d6 6. c4 a6 7. N5c3 Nf6 8. Be2 Be7 9. 0-0 0-0 10. Na3 b6 11. Be3 Bb7 12. Qb3 Nd7 13. Rfd1 Rc8 14. Rd2 Qc7 15. Rc1 Na5 16. Qd1 Qb8 17. f3 Rfd8 18. Kh1 Nc6 19. Qg1 Ba8 20. Qf2 Nce5 21. Bf1 h6 22. Rcd1 Bc6 23. h3 Ng6 24. f4 Qb7 25. Bd3 Rb8 26. Nc2 Nf6 27. Re2 Rdc8 28. Nd4 Bxe4 29. Nxe4 Nxe4 30. Bxe4 Qxe4 31. f5 Bh4 32. Qf1 exf5 33. Nxf5 Qxc4 34. Nxd6 Qxa2 35. Nxc8 Rxc8 36. Bxb6 Qb3 37. Bd4 Qg3 38. Re3 Qb8 39. Rf3 Qb7 40. Bc3 Bg5 41. Qe2 Nh4 42. Rfd3 Qc6 43. Qg4 Re8 44. Bd2 f5 45. Qg3 Re2 46. Bxg5 Rxg2 47. Rd8+ Kh7 48. Qd6 Rg1+ 0-1

[Event "Titled Tuesday intern op 15th Feb Late"]
[Site "Chess.com INT"]
[Date "2022.02.15"]
[Round "2"]
[White "Wu, Christopher"]
[Black "Van Foreest, Jorden"]
[Result "0-1"]
[WhiteElo "2347"]
[BlackElo "2702"]
[PlyCount "60"]
[EventDate "2022.02.15"]
[EventType "swiss (blitz)"]
[EventRounds "11"]
[EventCountry "USA"]
[SourceTitle "CBM 206 Extra"]
[Source "ChessBase"]
[SourceDate "2022.03.31"]
[SourceVersion "1"]
[SourceVersionDate "2022.03.31"]
[SourceQuality "1"]

1. d4 Nf6 2. c4 b6 3. Nc3 Bb7 4. Bf4 e6 5. e3 Bb4 6. Nf3 0-0 7. Bd3 d6 8. 0-0 Bxc3 9. bxc3 Nbd7 10. a4 Re8 11. a5 e5 12. axb6 exf4 13. bxa7 fxe3 14. fxe3 Rxe3 15. Qd2 Re8 16. Bc2 Be4 17. Ng5 Bxc2 18. Qxc2 h6 19. Nf3 Nb6 20. Qd3 Nc8 21. d5 Rxa7 22. Rxa7 Nxa7 23. Nd4 Nc8 24. Qg3 Ne4 25. Qg4 Qg5 26. Qf3 Nf6 27. Kh1 Nb6 28. Nf5 Nxc4 29. h4 Qg6 30. Qd3 Ne3 0-1

[Event "Titled Tuesday intern op 08th Feb Late"]
[Site "Chess.com INT"]
[Date "2022.02.08"]
[Round "8"]
[White "Khater, Sherif"]
[Black "Wu, Christopher"]
[Result "1/2-1/2"]
[WhiteElo "2012"]
[BlackElo "2347"]
[PlyCount "68"]
[EventDate "2022.02.08"]
[EventType "swiss (blitz)"]
[EventRounds "11"]
[EventCountry "USA"]
[SourceTitle "CBM 206 Extra"]
[Source "ChessBase"]
[SourceDate "2022.03.31"]
[SourceVersion "1"]
[SourceVersionDate "2022.03.31"]
[SourceQuality "1"]

1. b3 c5 2. Bb2 Nc6 3. e3 d5 4. f4 Nf6 5. Nf3 a6 6. Ne5 Qc7 7. g3 e6 8. Bg2 Be7 9. 0-0 0-0 10. d3 b5 11. Nd2 Bb7 12. Ndf3 Nd7 13. Nxd7 Qxd7 14. Ne5 Nxe5 15. Bxe5 Rac8 16. h4 Rfe8 17. h5 Bf8 18. Qg4 Bc6 19. Qe2 d4 20. Bxc6 Rxc6 21. exd4 cxd4 22. Qg4 Rxc2 23. h6 g6 24. Rac1 Rec8 25. Rxc2 Rxc2 26. Rf2 Rc1+ 27. Rf1 Rxf1+ 28. Kxf1 Qc6 29. Qg5 Qf3+ 30. Kg1 Qe3+ 31. Kg2 Qe2+ 32. Kg1 Qe3+ 33. Kg2 Qe2+ 34. Kg1 Qe3+ 1/2-1/2

[Event "Titled Tuesday intern op 08th Feb Late"]
[Site "Chess.com INT"]
[Date "2022.02.08"]
[Round "1"]
[White "Wu, Christopher"]
[Black "Ansh, M Shah"]
[Result "1-0"]
[WhiteElo "2347"]
[BlackElo "2132"]
[PlyCount "71"]
[EventDate "2022.02.08"]
[EventType "swiss (blitz)"]
[EventRounds "11"]
[EventCountry "USA"]
[SourceTitle "CBM 206 Extra"]
[Source "ChessBase"]
[SourceDate "2022.03.31"]
[SourceVersion "1"]
[SourceVersionDate "2022.03.31"]
[SourceQuality "1"]

1. d4 Nf6 2. c4 e6 3. Nf3 c5 4. g3 cxd4 5. Nxd4 Nc6 6. Bg2 Bc5 7. Nb5 0-0 8. 0-0 a6 9. Nd6 Ne8 10. Nxc8 Rxc8 11. Nc3 Nf6 12. Bf4 Re8 13. Rc1 h6 14. b3 Bd4 15. Qd3 Bxc3 16. Qxc3 d5 17. Rfd1 d4 18. Bxc6 dxc3 19. Rxd8 Rexd8 20. Bxb7 Rc5 21. Rxc3 Rd1+ 22. Kg2 Nd5 23. Rc2 Nxf4+ 24. gxf4 a5 25. e3 g5 26. Kf3 Rh1 27. Kg3 Rg1+ 28. Kf3 g4+ 29. Ke2 h5 30. Rd2 h4 31. Rd7 Kg7 32. Be4 Ra1 33. Rd2 a4 34. Rb2 a3 35. Rc2 Rh1 36. b4 1-0

[Event "Titled Tuesday intern op 01st Feb-B"]
[Site "Chess.com INT"]
[Date "2022.02.02"]
[Round "1"]
[White "Balint, Vilmos"]
[Black "Wu, Christopher"]
[Result "0-1"]
[WhiteElo "2296"]
[BlackElo "2347"]
[PlyCount "48"]
[EventDate "2022.02.02"]
[EventType "swiss (blitz)"]
[EventRounds "11"]
[EventCountry "USA"]
[SourceTitle "CBM 206 Extra"]
[Source "ChessBase"]
[SourceDate "2022.03.31"]
[SourceVersion "1"]
[SourceVersionDate "2022.03.31"]
[SourceQuality "1"]

1. e4 c5 2. Nf3 e6 3. g3 Nc6 4. Bg2 d6 5. 0-0 Nf6 6. Re1 Be7 7. d4 cxd4 8. Nxd4 Bd7 9. c4 0-0 10. Nc3 Rc8 11. b3 a6 12. Bb2 Qc7 13. Rc1 Qb8 14. f4 Qa7 15. Nce2 e5 16. Kh1 exd4 17. Nxd4 Ng4 18. Re2 Bf6 19. e5 dxe5 20. Nb5 axb5 21. Qxd7 Nf2+ 22. Rxf2 Qxf2 23. fxe5 Qxb2 24. exf6 Qxc1+ 0-1

[Event "Titled Tuesday intern op 01st Feb-B"]
[Site "Chess.com INT"]
[Date "2022.02.02"]
[Round "6"]
[White "Meduri, Aakaash"]
[Black "Wu, Christopher"]
[Result "0-1"]
[WhiteElo "2000"]
[BlackElo "2347"]
[PlyCount "126"]
[EventDate "2022.02.02"]
[EventType "swiss (blitz)"]
[EventRounds "11"]
[EventCountry "USA"]
[SourceTitle "CBM 206 Extra"]
[Source "ChessBase"]
[SourceDate "2022.03.31"]
[SourceVersion "1"]
[SourceVersionDate "2022.03.31"]
[SourceQuality "1"]

1. d4 Nf6 2. Bg5 Ne4 3. h4 c5 4. dxc5 Qa5+ 5. c3 Nxg5 6. hxg5 Qxc5 7. Nf3 Nc6 8. e4 d6 9. Nbd2 Bg4 10. Qb3 Rb8 11. Bc4 e6 12. g6 h5 13. gxf7+ Kxf7 14. Bd3 Be7 15. 0-0-0 b5 16. e5 d5 17. Qc2 b4 18. Nb3 Qb6 19. Bg6+ Kf8 20. Nfd4 Nxd4 21. Nxd4 bxc3 22. f3 Qxb2+ 23. Qxb2 Rxb2 24. fxg4 Bg5+ 25. Rd2 Bxd2+ 26. Kd1 Rb1+ 27. Bxb1 Ke7 28. Rxh5 Rf8 29. Nf3 Bf4 30. Bc2 Rb8 31. Bb3 a5 32. Kc2 a4 33. Bxa4 Rb2+ 34. Kxc3 Rxg2 35. Rh7 Kf7 36. Kd4 Rxg4 37. Kc5 Be3+ 38. Kd6 Rxa4 39. Rh1 Ra6+ 40. Kd7 Rxa2 41. Rf1 Rf2 42. Ng5+ Kg6 43. Rg1 Kf5 44. Nxe6 Kxe5 45. Rxg7 Ra2 46. Re7 Ra7+ 47. Ke8 Ra8+ 48. Kd7 Kf5 49. Rf7+ Ke4 50. Re7 Kd3 51. Nc7 Ra5 52. Kd6 Bc5+ 53. Kxd5 Bxe7+ 54. Kc6 Rc5+ 55. Kd7 Bg5 56. Ne6 Re5 57. Kd6 Ra5 58. Nc5+ Kc4 59. Ne6 Be3 60. Ke7 Ra6 61. Kf6 Kd5 62. Ke7 Rxe6+ 63. Kf7 Ke5 0-1

[Event "Titled Tuesday intern op 01st Feb-B"]
[Site "Chess.com INT"]
[Date "2022.02.02"]
[Round "2"]
[White "Sadhwani, Raunak"]
[Black "Wu, Christopher"]
[Result "1-0"]
[WhiteElo "2616"]
[BlackElo "2347"]
[PlyCount "107"]
[EventDate "2022.02.02"]
[EventType "swiss (blitz)"]
[EventRounds "11"]
[EventCountry "USA"]
[SourceTitle "CBM 206 Extra"]
[Source "ChessBase"]
[SourceDate "2022.03.31"]
[SourceVersion "1"]
[SourceVersionDate "2022.03.31"]
[SourceQuality "1"]

1. d4 Nf6 2. Nf3 d5 3. Bf4 c5 4. e3 Nc6 5. Nbd2 Bg4 6. c3 e6 7. h3 Bh5 8. Qb3 Qb6 9. Nh4 Be7 10. g4 Bg6 11. Nxg6 hxg6 12. Bg2 Rc8 13. 0-0 Qxb3 14. axb3 a6 15. dxc5 Bxc5 16. b4 Be7 17. Nb3 0-0 18. Rfd1 Rfd8 19. Nc5 Bxc5 20. bxc5 Na7 21. b4 Rd7 22. g5 Ne8 23. c4 Rcd8 24. b5 dxc4 25. Rxd7 Rxd7 26. bxa6 bxa6 27. c6 Rd8 28. c7 Rc8 29. Bb7 Rxc7 30. Bxc7 Nxc7 31. Bxa6 Nxa6 32. Rxa6 Nb5 33. Rc6 c3 34. h4 Kf8 35. Rc5 Nd6 36. Rxc3 Nf5 37. Rc4 Ke7 38. Kg2 Kd6 39. Kh3 Ne7 40. Kg4 Nc6 41. Ra4 Ne5+ 42. Kg3 Nc6 43. f4 Ne7 44. e4 Nc6 45. Kg4 e5 46. f5 gxf5+ 47. Kxf5 Nd4+ 48. Kg4 Ne6 49. Ra7 Nd8 50. h5 Ke6 51. h6 gxh6 52. gxh6 Kf6 53. h7 Kg7 54. h8Q+ 1-0

[Event "Titled Tuesday intern op 01st Feb-B"]
[Site "Chess.com INT"]
[Date "2022.02.02"]
[Round "5"]
[White "Wu, Christopher"]
[Black "Bambino Filho, Antonio Carlos"]
[Result "0-1"]
[WhiteElo "2347"]
[BlackElo "2160"]
[PlyCount "194"]
[EventDate "2022.02.02"]
[EventType "swiss (blitz)"]
[EventRounds "11"]
[EventCountry "USA"]
[SourceTitle "CBM 206 Extra"]
[Source "ChessBase"]
[SourceDate "2022.03.31"]
[SourceVersion "1"]
[SourceVersionDate "2022.03.31"]
[SourceQuality "1"]

1. d4 Nf6 2. c4 g6 3. Nf3 Bg7 4. g3 0-0 5. Bg2 d5 6. 0-0 dxc4 7. Qa4 a6 8. Qxc4 b5 9. Qc2 Bb7 10. Bf4 Nd5 11. Bd2 Nd7 12. Nc3 N7b6 13. e4 Nxc3 14. Bxc3 Qd7 15. Rad1 Rac8 16. b4 Nc4 17. Nd2 Nb6 18. Nb3 Na4 19. Ba1 Rfd8 20. Rfe1 Qd6 21. Nc5 Nxc5 22. bxc5 Qd7 23. Rd2 b4 24. d5 Bxa1 25. Rxa1 Qb5 26. c6 Ba8 27. Rb1 a5 28. Bf1 Qb6 29. a3 e6 30. Bc4 exd5 31. Bxd5 Bxc6 32. axb4 Bxd5 33. exd5 axb4 34. Qe4 Qc5 35. Qxb4 Rxd5 36. Qxc5 Rxc5 37. Rb7 Kg7 38. h4 h5 39. Kg2 Rc6 40. Kf3 Rf6+ 41. Kg2 c5 42. Rc2 c4 43. Rc3 Rfc6 44. Rd7 R8c7 45. Rd8 Kf6 46. Rf3+ Kg7 47. Rc3 Rb6 48. Rd4 Rb4 49. Kf3 Rb3 50. Rxb3 cxb3 51. Rb4 Rc3+ 52. Ke4 Rc2 53. Rxb3 Rxf2 54. Rb7 Ra2 55. Kf3 Ra4 56. Kf2 Ra5 57. Kf3 Kf6 58. Rb6+ Ke5 59. Rb7 Ra3+ 60. Kf2 f6 61. Rb5+ Ke6 62. Rb6+ Kf7 63. Rb7+ Kg8 64. Kg2 Ra6 65. Kf3 Re6 66. Kf4 Kf8 67. Ra7 Re7 68. Ra8+ Kf7 69. Ra6 Rc7 70. Rb6 Ke7 71. Ra6 Rd7 72. Ra8 Rd4+ 73. Kf3 Rd5 74. Ra6 Rd6 75. Ra7+ Ke6 76. Ra8 Rd5 77. Ra6+ Kf5 78. Ra4 Rd3+ 79. Kf2 Rc3 80. Ra5+ Kg4 81. Ra4+ Kh3 82. Ra6 Rxg3 83. Rxf6 Kxh4 84. Rf4+ Rg4 85. Rf8 g5 86. Kf3 Rg3+ 87. Kf2 Ra3 88. Rh8 g4 89. Kg2 Ra2+ 90. Kf1 g3 91. Kg1 Kg4 92. Rg8+ Kh3 93. Kf1 h4 94. Rg7 Ra1+ 95. Ke2 Kh2 96. Rh7 h3 97. Kf3 g2 0-1

[Event "Titled Tuesday intern op 01st Feb-B"]
[Site "Chess.com INT"]
[Date "2022.02.02"]
[Round "7"]
[White "Wu, Christopher"]
[Black "Tanenbaum, Zachary Chen"]
[Result "0-1"]
[WhiteElo "2347"]
[BlackElo "2148"]
[PlyCount "62"]
[EventDate "2022.02.02"]
[EventType "swiss (blitz)"]
[EventRounds "11"]
[EventCountry "USA"]
[SourceTitle "CBM 206 Extra"]
[Source "ChessBase"]
[SourceDate "2022.03.31"]
[SourceVersion "1"]
[SourceVersionDate "2022.03.31"]
[SourceQuality "1"]

1. d4 d5 2. Nf3 Bf5 3. g3 e6 4. Bg2 c6 5. 0-0 Nd7 6. c4 Ngf6 7. Nc3 Be7 8. Bf4 0-0 9. Rc1 h6 10. b3 Ba3 11. Ne5 Bxc1 12. Qxc1 Nxe5 13. dxe5 Ne4 14. Nxe4 Bxe4 15. Bxe4 dxe4 16. Qc2 Qa5 17. a4 g5 18. Bd2 Qxe5 19. Bc3 Qf5 20. e3 Rad8 21. Ba1 h5 22. Qb2 f6 23. Qa3 Rd7 24. Qb2 e5 25. Qe2 Qf3 26. Qc2 Rfd8 27. c5 h4 28. Qc4+ Rd5 29. gxh4 gxh4 30. h3 Kh7 31. Kh2 Rg8 0-1

[Event "Titled Tuesday intern op 18th May"]
[Site "Chess.com INT"]
[Date "2021.05.18"]
[Round "3"]
[White "Baradaran, Arman"]
[Black "Wu, Christopher"]
[Result "0-1"]
[WhiteElo "1980"]
[BlackElo "2347"]
[PlyCount "170"]
[EventDate "2021.05.18"]
[EventType "swiss (blitz)"]
[EventRounds "11"]
[EventCountry "USA"]
[SourceTitle "CBM 202 Extra"]
[Source "ChessBase"]
[SourceDate "2021.07.31"]
[SourceVersion "1"]
[SourceVersionDate "2021.07.31"]
[SourceQuality "1"]

1. d4 Nf6 2. c4 e6 3. g3 d5 4. Nf3 Be7 5. Bg2 0-0 6. 0-0 c5 7. cxd5 Nxd5 8. Nc3 Nc6 9. Nxd5 exd5 10. Be3 c4 11. b3 cxb3 12. axb3 Bf5 13. Ne5 f6 14. Nxc6 bxc6 15. Qd2 Qb6 16. Qc3 Bb4 17. Qb2 Rfe8 18. Bf3 a5 19. Bd2 Rab8 20. Bxb4 Qxb4 21. Rfc1 Re6 22. Qc3 Qxb3 23. Qxb3 Rxb3 24. Rxa5 Be4 25. Bxe4 Rxe4 26. e3 Rb6 27. Ra7 h5 28. Rc7 Re6 29. h4 Kf8 30. Ra1 Re7 31. Ra8+ Kf7 32. Rcc8 Kg6 33. Kg2 Reb7 34. Ra2 Re7 35. Rc2 Re6 36. Kf3 Kf5 37. Rc7 g5 38. hxg5 fxg5 39. Rc1 Rh6 40. Rf7+ Ke6 41. Rg7 Kf6 42. Rc7 Kf5 43. Rf7+ Ke6 44. Rg7 Rf6+ 45. Kg2 Kf5 46. Rh7 Rb2 47. Rxh5 Kg4 48. Rh7 Rfxf2+ 49. Kg1 Rg2+ 50. Kf1 Rbf2+ 51. Ke1 Kxg3 52. Rh1 Re2+ 53. Kd1 Rd2+ 54. Ke1 Rde2+ 55. Kd1 Rxe3 56. Rf1 Rd3+ 57. Ke1 Rxd4 58. Rf8 Re4+ 59. Kd1 Rf4 60. Rc3+ Kg4 61. Rxf4+ gxf4 62. Rxc6 f3 63. Rg6+ Kf4 64. Rf6+ Ke4 65. Re6+ Kd4 66. Rf6 f2 67. Ke2 Rh2 68. Rxf2 Rxf2+ 69. Kxf2 Kc3 70. Ke2 d4 71. Ke1 Kc2 72. Ke2 d3+ 73. Ke3 d2 74. Kd4 d1Q+ 75. Kc4 Qd3+ 76. Kb4 Qc3+ 77. Ka4 Qb2 78. Ka5 Qb3 79. Ka6 Qb4 80. Ka7 Qb5 81. Ka8 Kc3 82. Ka7 Kc4 83. Ka8 Kc5 84. Ka7 Kc6 85. Ka8 Qb7# 0-1

[Event "Titled Tuesday intern op 11th May"]
[Site "Chess.com INT"]
[Date "2021.05.11"]
[Round "5"]
[White "Omariev, Maksim"]
[Black "Wu, Christopher"]
[Result "1-0"]
[WhiteElo "2304"]
[BlackElo "2347"]
[PlyCount "105"]
[EventDate "2021.05.11"]
[EventType "swiss (blitz)"]
[EventRounds "11"]
[EventCountry "USA"]
[SourceTitle "CBM 202 Extra"]
[Source "ChessBase"]
[SourceDate "2021.07.31"]
[SourceVersion "1"]
[SourceVersionDate "2021.07.31"]
[SourceQuality "1"]

1. e4 c5 2. Nf3 e6 3. d4 cxd4 4. Nxd4 Nc6 5. c4 Nf6 6. Nxc6 bxc6 7. Bd3 d5 8. cxd5 cxd5 9. e5 Nd7 10. Qe2 Qc7 11. Bf4 Bb4+ 12. Nd2 0-0 13. 0-0 Bb7 14. Nf3 Be7 15. Rac1 Qa5 16. Bg5 Bxg5 17. Nxg5 h6 18. Nf3 Rac8 19. a3 Rfd8 20. Nd4 Qb6 21. Rxc8 Rxc8 22. Rd1 Nc5 23. Bb1 Ba6 24. Qd2 Nb3 25. Nxb3 Qxb3 26. Rc1 Rb8 27. Qc2 Qxc2 28. Rxc2 Bd3 29. Rc1 Bxb1 30. Rxb1 Rb3 31. g3 Kf8 32. Kf1 Ke7 33. Ke2 Kd7 34. f4 a5 35. Kd2 a4 36. Kc2 Rf3 37. Rd1 Kc6 38. Rd4 Rf2+ 39. Kc3 Kb5 40. Rb4+ Ka5 41. Rb7 Rxh2 42. Rxf7 g5 43. Rf6 Rg2 44. fxg5 Rxg3+ 45. Kd4 hxg5 46. Rxe6 Rb3 47. Kxd5 Rxb2 48. Rg6 Rd2+ 49. Ke6 Rg2 50. Kf6 Kb5 51. e6 Kc4 52. Rxg5 Kd4 53. Rxg2 1-0

[Event "Titled Tuesday intern op 04th May"]
[Site "Chess.com INT"]
[Date "2021.05.04"]
[Round "3"]
[White "Wu, Christopher"]
[Black "Grunberg, Mihai Lucian"]
[Result "1-0"]
[WhiteElo "2347"]
[BlackElo "2401"]
[PlyCount "43"]
[EventDate "2021.05.04"]
[EventType "swiss (blitz)"]
[EventRounds "11"]
[EventCountry "USA"]
[SourceTitle "CBM 202 Extra"]
[Source "ChessBase"]
[SourceDate "2021.07.31"]
[SourceVersion "1"]
[SourceVersionDate "2021.07.31"]
[SourceQuality "1"]

1. e4 d6 2. d4 Nf6 3. Nc3 g6 4. Be3 c6 5. Qd2 b5 6. f3 b4 7. Nce2 a5 8. h4 h5 9. Nh3 Nbd7 10. Ng5 e5 11. 0-0-0 Qc7 12. Kb1 Nb6 13. Nc1 Ba6 14. Bxa6 Rxa6 15. f4 Be7 16. f5 0-0 17. fxg6 fxg6 18. Ne6 Qc8 19. Nxf8 Bxf8 20. dxe5 dxe5 21. Rhf1 Nxe4 22. Qd3 1-0

[Event "Titled Tuesday intern op 04th May"]
[Site "Chess.com INT"]
[Date "2021.05.04"]
[Round "5"]
[White "Wu, Christopher"]
[Black "Pein, Jonathan"]
[Result "1-0"]
[WhiteElo "2347"]
[BlackElo "2185"]
[PlyCount "43"]
[EventDate "2021.05.04"]
[EventType "swiss (blitz)"]
[EventRounds "11"]
[EventCountry "USA"]
[SourceTitle "CBM 202 Extra"]
[Source "ChessBase"]
[SourceDate "2021.07.31"]
[SourceVersion "1"]
[SourceVersionDate "2021.07.31"]
[SourceQuality "1"]

1. e4 d5 2. exd5 Qxd5 3. Nc3 Qd6 4. d4 Nf6 5. Nf3 a6 6. Ne5 e6 7. f4 c5 8. Be3 Nc6 9. dxc5 Qxd1+ 10. Rxd1 Nxe5 11. fxe5 Nd7 12. Ne4 Nxe5 13. Be2 Bd7 14. 0-0 Bc6 15. Ng5 h6 16. Nxf7 Nxf7 17. Bh5 Bd7 18. Rxf7 Be7 19. Rxg7+ Kd8 20. c6 bxc6 21. Bb6+ Kc8 22. Rxe7 1-0

[Event "Titled Tuesday intern op 27th Apr"]
[Site "Chess.com INT"]
[Date "2021.04.27"]
[Round "2"]
[White "Wieczorek, Oskar"]
[Black "Wu, Christopher"]
[Result "0-1"]
[WhiteElo "2498"]
[BlackElo "2347"]
[PlyCount "150"]
[EventDate "2021.04.27"]
[EventType "swiss (blitz)"]
[EventRounds "11"]
[EventCountry "USA"]
[SourceTitle "CBM 202 Extra"]
[Source "ChessBase"]
[SourceDate "2021.07.31"]
[SourceVersion "1"]
[SourceVersionDate "2021.07.31"]
[SourceQuality "1"]

1. e4 c5 2. Nf3 d6 3. Nc3 a6 4. h3 Nf6 5. g4 g6 6. Bg2 Bg7 7. d4 cxd4 8. Nxd4 0-0 9. 0-0 Qc7 10. Nde2 Nc6 11. Ng3 b5 12. g5 Nd7 13. a4 b4 14. Nd5 Qd8 15. f4 Bb7 16. Kh1 Rc8 17. Rb1 a5 18. Rf2 Re8 19. h4 Nb6 20. Ne3 Nxa4 21. Ng4 Nc5 22. Nh6+ Bxh6 23. gxh6 e5 24. Qg4 exf4 25. Bxf4 Ne5 26. Bxe5 Rxe5 27. Rbf1 Rc7 28. Qf4 Ne6 29. Qg4 Nd4 30. c3 Bc8 31. Qf4 Ne6 32. Qe3 Ba6 33. Rd1 Qxh4+ 34. Kg1 Rg5 35. Nh1 Rh5 36. Bf3 Rg5+ 37. Bg2 Rh5 38. Bf3 Qg5+ 39. Qxg5 Rxg5+ 40. Kh2 bxc3 41. bxc3 Rxc3 42. Rxd6 Bc4 43. Rc6 Kf8 44. Be2 Nd4 45. Rxc4 Nxe2 46. Rxc3 Nxc3 47. Ng3 a4 48. Rc2 Rc5 49. e5 a3 50. Ne2 Ne4 51. Ra2 Ra5 52. Kg2 Ke7 53. Kf3 Nc5 54. Ke3 Ke6 55. Kd4 Nd7 56. Nc3 Rxe5 57. Rxa3 Rh5 58. Ra6+ Ke7 59. Nd5+ Rxd5+ 60. Kxd5 Nf6+ 61. Kd4 Ng4 62. Ke4 Nxh6 63. Kd5 Nf5 64. Ra7+ Kf6 65. Ra6+ Kg5 66. Ke5 h5 67. Ra1 h4 68. Rg1+ Ng3 69. Kd4 f5 70. Ke3 Kg4 71. Kf2 f4 72. Rb1 g5 73. Rb4 h3 74. Rb5 h2 75. Kg2 h1Q+ 0-1

[Event "Titled Tuesday intern op 27th Apr"]
[Site "Chess.com INT"]
[Date "2021.04.27"]
[Round "6"]
[White "Wu, Christopher"]
[Black "Chernov, Alexander A"]
[Result "0-1"]
[WhiteElo "2347"]
[BlackElo "2314"]
[PlyCount "72"]
[EventDate "2021.04.27"]
[EventType "swiss (blitz)"]
[EventRounds "11"]
[EventCountry "USA"]
[SourceTitle "CBM 202 Extra"]
[Source "ChessBase"]
[SourceDate "2021.07.31"]
[SourceVersion "1"]
[SourceVersionDate "2021.07.31"]
[SourceQuality "1"]

1. e4 c6 2. d4 d5 3. Nc3 dxe4 4. Nxe4 Bf5 5. Ng3 Bg6 6. h4 h6 7. Nf3 Nd7 8. h5 Bh7 9. Bd3 Bxd3 10. Qxd3 Qc7 11. Bd2 0-0-0 12. 0-0-0 Ngf6 13. Kb1 e6 14. Ne4 Nc5 15. Nxc5 Bxc5 16. Qc4 Bd6 17. Qe2 Rhe8 18. c3 c5 19. Be3 c4 20. Nd2 b5 21. f3 Nd5 22. Ne4 Kb7 23. Rhe1 Rb8 24. g4 Rec8 25. Bg1 b4 26. Nxd6+ Qxd6 27. Bh2 Qc6 28. Bxb8 Rxb8 29. Qc2 Ka8 30. cxb4 Rxb4 31. Rc1 Qa6 32. Qh7 Rb8 33. Qe4 Rb7 34. Re2 Qa5 35. Rec2 c3 36. Qd3 Nb4 0-1

[Event "Titled Tuesday intern op 27th Apr"]
[Site "Chess.com INT"]
[Date "2021.04.27"]
[Round "11"]
[White "Wu, Christopher"]
[Black "Havanecz, Bianka"]
[Result "0-1"]
[WhiteElo "2347"]
[BlackElo "2257"]
[PlyCount "108"]
[EventDate "2021.04.27"]
[EventType "swiss (blitz)"]
[EventRounds "11"]
[EventCountry "USA"]
[SourceTitle "CBM 202 Extra"]
[Source "ChessBase"]
[SourceDate "2021.07.31"]
[SourceVersion "1"]
[SourceVersionDate "2021.07.31"]
[SourceQuality "1"]

1. e4 c6 2. d4 d5 3. Nc3 dxe4 4. Nxe4 Nf6 5. Nxf6+ exf6 6. c3 Bd6 7. Bd3 0-0 8. Ne2 Re8 9. 0-0 Nd7 10. Qc2 Nf8 11. Bd2 Bg4 12. Rae1 Qc7 13. h3 Be6 14. b3 c5 15. Be3 b6 16. c4 cxd4 17. Nxd4 Bd7 18. Nf5 Bb4 19. Rd1 Bc6 20. Qc1 Ng6 21. Bb1 Bb7 22. f3 Rad8 23. Rxd8 Rxd8 24. Rd1 Ne5 25. Rxd8+ Qxd8 26. a3 Bf8 27. b4 g6 28. Nd4 Qc7 29. Nb5 Qb8 30. c5 bxc5 31. bxc5 Bc6 32. Nd4 Bd5 33. Ne2 Qc7 34. Nf4 Bb3 35. Qc3 Ba4 36. Nd5 Qc6 37. Ba2 Kg7 38. Bd4 Nd7 39. Nb4 Qc7 40. c6 Ne5 41. Nd5 Qxc6 42. Bxe5 fxe5 43. Qxe5+ f6 44. Qe4 Bc5+ 45. Kh1 Bf8 46. h4 Bb5 47. Nf4 Qc1+ 48. Kh2 Bd6 49. Qb7+ Kh6 50. Qxb5 Bxf4+ 51. Kh3 Qe1 52. Qg5+ fxg5 53. hxg5+ Kxg5 54. g3 Qxg3# 0-1